000 00676nam a2200193Ia 4500
003 GCL
008 140319s9999 xx 000 0 ara d
040 _aGCL /
_cGCL
082 0 4 _a348.02
_bع.ا
100 1 _aعبدالحميد الشواربى
_vPurified
_@
…هذب
245 1 0 _aالاحكام المدنية والجنائية فى ضوء الفقة والقضاء /
_cعبدالحميد الشواربى
700 1 _aعبدالحميد الشلقانى
260 _a[S.N] :
_bدار المطبوعات الجامعية ،
_c1992
300 _a517 ص
490 _a
650 0 4 _aالقانون
650 0 4 _aالقانون المدنى
942 _2ddc
_cBK
999 _c48873
_d48873